[Event "NED-chT 0607"]
[Site "Netherlands"]
[Date "2006.11.11"]
[Round "3.7"]
[White "Willemze, Thomas"]
[Black "Piket, Marcel"]
[Result "1-0"]
[WhiteElo "2396"]
[BlackElo "2334"]
[PlyCount "97"]
[EventDate "2006.09.23"]
[EventType "team-tourn"]
[EventRounds "9"]
[EventCountry "NED"]
[SourceTitle "CBM 115 Extra"]
[Source "ChessBase"]
[SourceDate "2007.01.10"]
[SourceVersion "1"]
[SourceVersionDate "2007.01.10"]
[SourceQuality "1"]
[WhiteTeam "Utrecht"]
[BlackTeam "Rotterdam SO"]
[WhiteTeamCountry "NED"]
[BlackTeamCountry "NED"]

1. e4 g6 2. d4 Bg7 3. Nc3 d6 4. Be3 c6 5. Qd2 Nd7 6. 0-0-0 b5 7. Kb1 Nb6 8. Bd3 Rb8 9. h3 Be6 10. d5 Bd7 11. dxc6 Bxc6 12. Nf3 b4 13. Ne2 Nf6 14. e5 Ne4 15. Qe1 0-0 16. Nfd4 Bd5 17. f3 Nc5 18. exd6 exd6 19. Nb3 Nxd3 20. Rxd3 Bc4 21. Rd2 Re8 22. Qf2 Qe7 23. Bd4 Bh6 24. f4 Nd5 25. g3 a5 26. Nbc1 Qe4 27. Rhd1 Ne3 28. Bxe3 Qxe3 29. Nd4 Qxf2 30. Rxf2 Re3 31. b3 Bd5 32. Nf5 gxf5 33. Rxd5 Rxg3 34. Ne2 Rxh3 35. c4 bxc3 36. Rxa5 Re8 37. Rg2+ Kh8 38. Kc2 Bg7 39. Rxf5 Rhe3 40. Nc1 R8e7 41. Rfg5 f6 42. Rd5 f5 43. a4 Rh3 44. a5 h5 45. a6 Rh1 46. Ra5 Bd4 47. Ne2 Bc5 48. b4 Bxb4 49. a7 1-0

[Event "NED-chT 0607"]
[Site "Netherlands"]
[Date "2006.09.23"]
[Round "1.8"]
[White "Piket, Marcel"]
[Black "Wustefeld, Carl"]
[Result "1-0"]
[WhiteElo "2334"]
[BlackElo "2248"]
[PlyCount "91"]
[EventDate "2006.09.23"]
[EventType "team-tourn"]
[EventRounds "9"]
[EventCountry "NED"]
[SourceTitle "CBM 115 Extra"]
[Source "ChessBase"]
[SourceDate "2007.01.10"]
[SourceVersion "1"]
[SourceVersionDate "2007.01.10"]
[SourceQuality "1"]
[WhiteTeam "Rotterdam SO"]
[BlackTeam "Nijmegen"]
[WhiteTeamCountry "NED"]
[BlackTeamCountry "NED"]

1. d4 g6 2. e4 Bg7 3. Nc3 d6 4. Be3 c6 5. Nf3 Bg4 6. Bc4 e6 7. h3 Bxf3 8. Qxf3 d5 9. exd5 cxd5 10. Nxd5 Nc6 11. Nc3 Nge7 12. Ne2 0-0 13. 0-0 Rc8 14. Bb3 Nf5 15. c3 Na5 16. Nf4 Nxe3 17. fxe3 Qb6 18. Nd3 a6 19. Nc5 Rc7 20. Rf2 Re7 21. Ba4 Qc7 22. b4 Nc4 23. e4 Bh6 24. Bb3 Be3 25. Bxc4 Bxf2+ 26. Qxf2 b6 27. e5 bxc5 28. bxc5 Rb8 29. Rf1 a5 30. a4 Qd8 31. Bb5 Rc7 32. Qf3 Qg5 33. Qe4 Rf8 34. h4 Qh6 35. Rf4 Re7 36. c4 Rd8 37. d5 Rc7 38. c6 exd5 39. cxd5 Rxd5 40. e6 Rd1+ 41. Kh2 Re1 42. Qd4 Rd1 43. Qe5 Rc8 44. exf7+ Kf8 45. Qh8+ Ke7 46. Re4+ 1-0

[Event "NED-chT 0304"]
[Site "Netherlands"]
[Date "2004.05.15"]
[Round "9.10"]
[White "Piket, Marcel"]
[Black "Van Ketel, Raoul"]
[Result "1/2-1/2"]
[WhiteElo "2343"]
[BlackElo "2178"]
[PlyCount "41"]
[EventDate "2003.09.27"]
[EventType "team-tourn"]
[EventRounds "9"]
[EventCountry "NED"]
[SourceTitle "EXT 2014"]
[Source "ChessBase"]
[SourceDate "2013.11.20"]
[SourceVersion "1"]
[SourceVersionDate "2013.11.20"]
[SourceQuality "1"]
[WhiteTeam "Rotterdam"]
[BlackTeam "Leiden LSG"]
[WhiteTeamCountry "NED"]
[BlackTeamCountry "NED"]

1. d4 e6 2. Nf3 Nf6 3. Bg5 c5 4. e3 cxd4 5. exd4 b6 6. Nbd2 Be7 7. Bd3 Bb7 8. 0-0 0-0 9. a4 Nc6 10. c3 h6 11. Bxf6 Bxf6 12. Qe2 Qc7 13. Rfe1 g6 14. Ba6 Bg7 15. Bxb7 Qxb7 16. Nc4 Qc7 17. Qd3 Rfc8 18. Ne3 Na5 19. Nd2 d5 20. b4 Nb7 21. Rac1 1/2-1/2

[Event "NED-chT 0304"]
[Site "Netherlands"]
[Date "2004.04.17"]
[Round "8.3"]
[White "Piket, Marcel"]
[Black "Van den Doel, Erik"]
[Result "0-1"]
[WhiteElo "2343"]
[BlackElo "2599"]
[PlyCount "63"]
[EventDate "2003.09.27"]
[EventType "team-tourn"]
[EventRounds "9"]
[EventCountry "NED"]
[SourceTitle "EXT 2014"]
[Source "ChessBase"]
[SourceDate "2013.11.20"]
[SourceVersion "1"]
[SourceVersionDate "2013.11.20"]
[SourceQuality "1"]
[WhiteTeam "Rotterdam"]
[BlackTeam "Breda"]
[WhiteTeamCountry "NED"]
[BlackTeamCountry "NED"]

1. d4 d5 2. Nf3 c5 3. e3 Nc6 4. c3 Nf6 5. Bd3 Bg4 6. Nbd2 e6 7. 0-0 Bd6 8. h3 Bh5 9. dxc5 Bxc5 10. Qe2 0-0 11. e4 Ne5 12. exd5 Nxd3 13. Qxd3 Bg6 14. Qb5 Qxd5 15. c4 Qd6 16. Nb3 Bb6 17. Qe5 Qc6 18. Qe2 Bh5 19. Be3 e5 20. Bxb6 axb6 21. g4 Nxg4 22. hxg4 Bxg4 23. Nbd2 e4 24. Qxe4 Qxe4 25. Nxe4 Bxf3 26. Nc3 Ra5 27. Kh2 Rg5 28. Rg1 Rf5 29. Rg3 Bc6 30. Kg1 Rd8 31. Re1 h5 32. Rge3 0-1

[Event "NED-chT 0203"]
[Site "Netherlands"]
[Date "2002.11.23"]
[Round "3.8"]
[White "Piket, Marcel"]
[Black "Van Wessel, Rudy"]
[Result "1-0"]
[WhiteElo "2354"]
[BlackElo "2365"]
[PlyCount "103"]
[EventDate "2002.09.28"]
[EventType "team-tourn"]
[EventRounds "9"]
[EventCountry "NED"]
[SourceTitle "EXT 2015"]
[Source "ChessBase"]
[SourceDate "2014.11.20"]
[SourceVersion "1"]
[SourceVersionDate "2014.11.20"]
[SourceQuality "1"]
[WhiteTeam "VastNed Rotterdam"]
[BlackTeam "Leiden LSG"]
[WhiteTeamCountry "NED"]
[BlackTeamCountry "NED"]

1. d4 Nf6 2. Nf3 e6 3. Bg5 c5 4. e3 Qb6 5. Nbd2 Qxb2 6. Be2 d5 7. 0-0 Be7 8. c4 Nbd7 9. dxc5 Nxc5 10. Nd4 Qb6 11. cxd5 Nxd5 12. Bb5+ Bd7 13. Bxe7 Nxe7 14. Bxd7+ Nxd7 15. Nc4 Qc5 16. Nb5 Nf5 17. Ncd6+ Nxd6 18. Nxd6+ Ke7 19. Nxf7 Kxf7 20. Qxd7+ Qe7 21. Qb5 Rad8 22. Rfd1 Rhe8 23. Rac1 Kg8 24. g3 b6 25. Qe5 Rc8 26. h4 h6 27. Qe4 Qf6 28. Rxc8 Rxc8 29. Rd7 Rf8 30. Qc2 Rf7 31. Rd2 Qa1+ 32. Kg2 Qf6 33. Qe4 Qf5 34. Qxf5 exf5 35. Rd6 Rf8 36. Rd5 Rf6 37. h5 Rf7 38. Kf3 Kh7 39. Kf4 g6 40. hxg6+ Kxg6 41. Rd6+ Rf6 42. Rd7 a6 43. Ke5 f4 44. exf4 Rf5+ 45. Ke6 Ra5 46. f5+ Rxf5 47. Rg7+ Kxg7 48. Kxf5 b5 49. Ke5 h5 50. Kd5 Kf6 51. Kc5 Ke5 52. f3 1-0

[Event "NED-chT 0203"]
[Site "Netherlands"]
[Date "2002.09.28"]
[Round "1.6"]
[White "Piket, Marcel"]
[Black "Van Kooten, Luuk"]
[Result "1-0"]
[WhiteElo "2354"]
[BlackElo "2259"]
[PlyCount "73"]
[EventDate "2002.09.28"]
[EventType "team-tourn"]
[EventRounds "9"]
[EventCountry "NED"]
[SourceTitle "EXT 2015"]
[Source "ChessBase"]
[SourceDate "2014.11.20"]
[SourceVersion "1"]
[SourceVersionDate "2014.11.20"]
[SourceQuality "1"]
[WhiteTeam "VastNed Rotterdam"]
[BlackTeam "Groningen"]
[WhiteTeamCountry "NED"]
[BlackTeamCountry "NED"]

1. d4 Nf6 2. Nf3 g6 3. Bf4 Bg7 4. h3 0-0 5. e3 d6 6. Be2 Nbd7 7. 0-0 Qe8 8. c4 e5 9. Bh2 Qe7 10. Nc3 c6 11. b4 h5 12. Qb3 Re8 13. c5 dxc5 14. bxc5 Nh7 15. Bc4 Rf8 16. Rfe1 b6 17. cxb6 axb6 18. a4 Rb8 19. Qa3 Qxa3 20. Rxa3 Re8 21. Rb1 Ra8 22. Rab3 exd4 23. Nxd4 Bb7 24. Bc7 c5 25. Nde2 Rec8 26. Bxb6 Nhf6 27. a5 Ne5 28. Bb5 c4 29. Ra3 Bf8 30. Ra4 Ba6 31. Nd4 Ned7 32. Bc6 Rab8 33. Rba1 Nc5 34. Bf3 Nd3 35. Nc6 Rxc6 36. Bxc6 Bb4 37. Bd4 1-0

[Event "NED-chT 9900"]
[Site "Netherlands"]
[Date "2000.04.29"]
[Round "7"]
[White "Klip, Hans"]
[Black "Piket, Marcel"]
[Result "0-1"]
[WhiteElo "2330"]
[BlackElo "2345"]
[PlyCount "56"]
[EventDate "2000.02.05"]
[EventType "team-tourn"]
[EventRounds "9"]
[EventCountry "NED"]
[SourceTitle "CBM 076 Extra"]
[Source "ChessBase"]
[SourceDate "2000.07.11"]
[SourceVersion "1"]
[SourceVersionDate "2000.07.11"]
[SourceQuality "1"]
[WhiteTeam "Nijmegen"]
[BlackTeam "Rotterdam"]
[WhiteTeamCountry "NED"]
[BlackTeamCountry "NED"]

1. e4 g6 2. d4 Bg7 3. Nc3 d6 4. Nge2 Nc6 5. d5 Ne5 6. f4 Nd7 7. Ng3 c6 8. Be3 Ngf6 9. Be2 a6 10. dxc6 bxc6 11. 0-0 Rb8 12. b3 h5 13. Qe1 Qa5 14. Rd1 Nc5 15. a3 Ng4 16. Bd4 Bxd4+ 17. Rxd4 Nxb3 18. Rb4 Rxb4 19. axb4 Qb6+ 20. Kh1 Nd4 21. Na4 Qa7 22. Bxg4 Bxg4 23. c3 Nc2 24. Qd2 h4 25. Nf5 gxf5 26. Qxc2 Qe3 27. exf5 h3 28. f6 Be2 0-1

[Event "NED-chT 9900"]
[Site "Netherlands"]
[Date "2000.03.18"]
[Round "5"]
[White "Piket, Marcel"]
[Black "Hoffmann, Michael"]
[Result "0-1"]
[WhiteElo "2345"]
[BlackElo "2452"]
[PlyCount "96"]
[EventDate "2000.02.05"]
[EventType "team-tourn"]
[EventRounds "9"]
[EventCountry "NED"]
[SourceTitle "CBM 075 Extra"]
[Source "ChessBase"]
[SourceDate "2000.05.11"]
[SourceVersion "2"]
[SourceVersionDate "2000.05.11"]
[SourceQuality "1"]
[WhiteTeam "Rotterdam"]
[BlackTeam "Enschede Braceland"]
[WhiteTeamCountry "NED"]
[BlackTeamCountry "NED"]

1. d4 Nf6 2. Bg5 c5 3. d5 Ne4 4. Bf4 Qb6 5. Nd2 Qxb2 6. Nxe4 Qb4+ 7. c3 Qxe4 8. e3 g5 9. Bg3 Bg7 10. Rc1 d6 11. Nf3 Qg6 12. h4 h6 13. h5 Qf5 14. Bd3 Qg4 15. e4 0-0 16. Qb3 Nd7 17. Qc2 f5 18. Nd2 fxe4 19. Nxe4 Ne5 20. f3 Qf5 21. 0-0 Bd7 22. Be2 Qf7 23. Rcd1 Qe8 24. Qd2 Bf5 25. Qe3 Nd7 26. Bh2 Bxe4 27. Qxe4 Nf6 28. Qb1 Rb8 29. g4 Nd7 30. Qe4 Be5 31. f4 Nf6 32. Qf5 gxf4 33. Bxf4 Bxf4 34. Rxf4 Nh7 35. Qe6+ Kg7 36. Rdf1 Rxf4 37. Rxf4 Nf6 38. Bd3 Qf7 39. Qf5 Rg8 40. Kf1 Kh8 41. c4 Qg7 42. Qg6 Qf8 43. Qf5 Rg5 44. Qe4 Rxg4 45. Qf3 Rxf4 46. Qxf4 Nd7 47. Bf5 Ne5 48. Ke2 Nxc4 0-1

[Event "NED-chT"]
[Site "Netherlands"]
[Date "1997.??.??"]
[Round "2"]
[White "Wiersma, Eelke"]
[Black "Piket, Marcel"]
[Result "1-0"]
[WhiteElo "2295"]
[BlackElo "2350"]
[PlyCount "83"]
[EventDate "1997.??.??"]
[EventType "team"]
[EventRounds "9"]
[EventCountry "NED"]
[SourceTitle "EXT 2007"]
[Source "ChessBase"]
[SourceDate "2006.11.23"]
[SourceVersion "1"]
[SourceVersionDate "2006.11.23"]
[SourceQuality "1"]

1. e4 d6 2. d4 g6 3. Nc3 Bg7 4. f4 Nf6 5. Bd3 Na6 6. Nf3 0-0 7. 0-0 c5 8. d5 Nc7 9. a4 a6 10. Qe1 Bd7 11. Qh4 b5 12. e5 Nfxd5 13. Nxd5 Nxd5 14. f5 dxe5 15. Bh6 Nf6 16. fxg6 fxg6 17. Ng5 Nh5 18. Bxg7 Kxg7 19. Rxf8 Qxf8 20. Nxh7 Qf7 21. axb5 Rh8 22. Ng5 Qf6 23. Rxa6 Nf4 24. Rxf6 Rxh4 25. Rf7+ Kh6 26. Rxe7 Kxg5 27. Rxd7 Nxd3 28. Rxd3 c4 29. Rc3 Rd4 30. b6 Rd6 31. Rxc4 Rxb6 32. b3 Rd6 33. b4 Kf5 34. Kf2 Rd2+ 35. Kf1 e4 36. b5 Rd1+ 37. Ke2 Rb1 38. Rc5+ Kf4 39. g3+ Kg4 40. c4 Rb2+ 41. Ke3 Rxh2 42. b6 1-0

[Event "NED-chT 9697"]
[Site "Netherlands"]
[Date "1996.??.??"]
[Round "7"]
[White "Van Haastert, Edwin"]
[Black "Piket, Marcel"]
[Result "1-0"]
[WhiteElo "2300"]
[BlackElo "2350"]
[PlyCount "75"]
[EventDate "1996.??.??"]
[EventType "team"]
[EventRounds "11"]
[EventCountry "NED"]
[SourceTitle "EXT 2001"]
[Source "ChessBase"]
[SourceDate "2000.11.22"]
[SourceVersion "1"]
[SourceVersionDate "2000.11.22"]
[SourceQuality "1"]

1. e4 g6 2. d4 Bg7 3. Nc3 d6 4. Bc4 Nc6 5. Nf3 Nf6 6. 0-0 Bg4 7. Be3 0-0 8. h3 Bxf3 9. Qxf3 e5 10. d5 Ne7 11. Qd1 Nd7 12. a4 f5 13. f3 Kh8 14. a5 a6 15. b4 Nf6 16. Qd2 Qc8 17. Bd3 f4 18. Bf2 g5 19. Be2 h5 20. Qd3 Ng6 21. Na4 Bh6 22. c4 g4 23. hxg4 hxg4 24. fxg4 f3 25. Qxf3 Nxd5 26. Qh3 Ndf4 27. Qxh6+ Kg8 28. Bf3 Rf7 29. Qg5 Kg7 30. Nc3 Qh8 31. Ne2 Ne6 32. Qh5 Qd8 33. Be3 Ngf4 34. Bxf4 exf4 35. Kf2 Qf6 36. Rh1 Ng5 37. Rad1 Rg8 38. Rd5 1-0

[Event "NED-chT 9697"]
[Site "Netherlands"]
[Date "1996.??.??"]
[Round "4"]
[White "Van der Weide, Karel"]
[Black "Piket, Marcel"]
[Result "1/2-1/2"]
[WhiteElo "2345"]
[BlackElo "2350"]
[PlyCount "74"]
[EventDate "1996.??.??"]
[EventType "team"]
[EventRounds "11"]
[EventCountry "NED"]
[SourceTitle "EXT 2001"]
[Source "ChessBase"]
[SourceDate "2000.11.22"]
[SourceVersion "1"]
[SourceVersionDate "2000.11.22"]
[SourceQuality "1"]

1. Nf3 g6 2. g3 Bg7 3. Bg2 d6 4. 0-0 Nf6 5. d3 e5 6. e4 0-0 7. Nbd2 Nc6 8. Nc4 Re8 9. c3 d5 10. exd5 Nxd5 11. Qb3 h6 12. a4 Nb6 13. a5 Nxc4 14. Qxc4 a6 15. Be3 Be6 16. Qh4 Qxh4 17. Nxh4 Rad8 18. Rfd1 g5 19. Nf3 f5 20. Bc5 Bb3 21. Rd2 Rd5 22. d4 e4 23. Re2 Bc4 24. Ree1 Red8 25. Nd2 Rxc5 26. Nxc4 Rxc4 27. Bf1 Ne5 28. dxe5 Rc5 29. g4 Rxe5 30. gxf5 Rd2 31. Re2 Rxe2 32. Bxe2 Rxf5 33. Ra4 Re5 34. Rb4 Rxa5 35. Rxb7 Be5 36. Rb4 Ra1+ 37. Kg2 Kg7 1/2-1/2

[Event "NED-chT 9596"]
[Site "Netherlands"]
[Date "1995.??.??"]
[Round "?"]
[White "Bezemer, Arno J"]
[Black "Piket, Marcel"]
[Result "1-0"]
[WhiteElo "2225"]
[BlackElo "2350"]
[PlyCount "58"]
[EventDate "1995.??.??"]
[EventType "team"]
[EventRounds "9"]
[EventCountry "NED"]
[SourceTitle "EXT 1999"]
[Source "ChessBase"]
[SourceDate "1998.11.16"]
[SourceVersion "1"]
[SourceVersionDate "1998.11.16"]
[SourceQuality "1"]

1. e4 d6 2. d4 Nf6 3. Nc3 g6 4. Bg5 c6 5. Qd2 Nbd7 6. f4 b5 7. Bd3 Nb6 8. Nf3 Bg7 9. 0-0 Bg4 10. f5 Bxf3 11. Rxf3 Nc4 12. Bxc4 bxc4 13. Bh6 Bxh6 14. Qxh6 Qb6 15. Rd1 0-0-0 16. Qd2 d5 17. exd5 cxd5 18. b3 Rd6 19. Qe2 Rc6 20. fxg6 Re6 21. g7 Rg8 22. Re3 cxb3 23. axb3 Rxg7 24. Na4 Qd6 25. Rc3+ Kd8 26. Qb5 Ne8 27. Nc5 Qc6 28. Nxe6+ Qxe6 29. Qb8+ Kd7 1-0

[Event "NED-chT"]
[Site "Netherlands"]
[Date "1992.??.??"]
[Round "?"]
[White "Piket, Marcel"]
[Black "Vanheste, Jeroen"]
[Result "1/2-1/2"]
[WhiteElo "2615"]
[BlackElo "2390"]
[PlyCount "93"]
[EventDate "1992.??.??"]
[EventType "team"]
[EventRounds "11"]
[EventCountry "NED"]
[SourceTitle "EXT 1999"]
[Source "ChessBase"]
[SourceDate "1998.11.16"]
[SourceVersion "1"]
[SourceVersionDate "1998.11.16"]
[SourceQuality "1"]

1. Nf3 c5 2. c4 Nc6 3. Nc3 g6 4. d4 cxd4 5. Nxd4 Bg7 6. Nc2 Nf6 7. e4 0-0 8. Be2 d6 9. 0-0 Nd7 10. Rb1 Nc5 11. Be3 Bxc3 12. bxc3 Nxe4 13. Qe1 Nf6 14. Nd4 Nxd4 15. cxd4 b6 16. Bg5 Ba6 17. Rb4 Qd7 18. d5 Rfe8 19. Bf3 Rac8 20. Qc3 Qf5 21. Bh6 Qe5 22. Qc1 Nd7 23. Re1 Qh8 24. Be2 Ne5 25. Bf1 Ng4 26. Bg5 Qd4 27. Qf4 Qxf4 28. Bxf4 Bb7 29. a4 Nf6 30. Bg5 Ba6 31. a5 bxa5 32. Ra4 Kg7 33. h3 Rc7 34. Bd2 Bc8 35. Bxa5 Rb7 36. Bc3 Rc7 37. Bd4 a6 38. g4 Kf8 39. Ra3 Nd7 40. Rb1 Rb7 41. Rc1 Rb4 42. Be3 Kg7 43. Bd4+ Kf8 44. Be2 e5 45. dxe6 Rxe6 46. Bf3 Nc5 47. Bxc5 1/2-1/2

[Event "Rotterdam k.o."]
[Site "Rotterdam"]
[Date "1990.??.??"]
[Round "1"]
[White "Piket, Marcel"]
[Black "Van der Sterren, Paul"]
[Result "1/2-1/2"]
[WhiteElo "2350"]
[BlackElo "2515"]
[PlyCount "42"]
[EventDate "1990.??.??"]
[EventType "k.o."]
[EventRounds "5"]
[EventCountry "NED"]
[SourceTitle "EXT 1997"]
[Source "ChessBase"]
[SourceDate "1996.11.15"]
[SourceVersion "1"]
[SourceVersionDate "1996.11.15"]
[SourceQuality "1"]

1. d4 Nf6 2. Bg5 Ne4 3. Bf4 d5 4. Nd2 Bf5 5. Nxe4 dxe4 6. e3 e6 7. Ne2 Nd7 8. c4 Bd6 9. Bxd6 cxd6 10. Nc3 0-0 11. Be2 a6 12. 0-0 Qb6 13. Qd2 Rfc8 14. Rfd1 h6 15. Rac1 Rab8 16. h3 Qd8 17. b4 Qg5 18. Kh2 Qh4 19. Qe1 Qe7 20. Qd2 Qh4 21. Qe1 Qe7 1/2-1/2

[Event "OHRA-B"]
[Site "Amsterdam"]
[Date "1990.??.??"]
[Round "5"]
[White "Polgar, Sofia"]
[Black "Piket, Marcel"]
[Result "1-0"]
[WhiteElo "2425"]
[BlackElo "2350"]
[PlyCount "95"]
[EventDate "1990.07.??"]
[EventType "swiss"]
[EventRounds "9"]
[EventCountry "NED"]
[SourceTitle "CBM 020"]
[Source "ChessBase"]
[SourceDate "1991.02.01"]
[SourceVersion "1"]
[SourceVersionDate "1991.02.01"]
[SourceQuality "1"]

1. e4 d6 2. d4 Nf6 3. Nc3 g6 4. f4 Bg7 5. Nf3 0-0 6. Bd3 Na6 7. 0-0 c5 8. d5 Rb8 9. Qe1 Nb4 10. a3 Nxd3 11. cxd3 Bg4 12. Nd2 Bd7 13. a4 e6 14. dxe6 fxe6 15. Nc4 d5 16. Ne5 Bc8 17. Bd2 Nd7 18. Qg3 Nf6 19. Rad1 Ra8 20. Kh1 b6 21. Bc1 Bb7 22. Rde1 a6 23. f5 Nh5 24. Qh3 exf5 25. exf5 Qd6 26. Ng4 Rae8 27. Rxe8 Rxe8 28. Nh6+ Bxh6 29. Bxh6 Qf6 30. Qf3 Qxf5 31. Qd1 Qe6 32. Qf3 Qf5 33. Qd1 Qe6 34. Qf3 Ng7 35. g4 Bc6 36. Kg1 b5 37. d4 cxd4 38. Ne2 Bb7 39. Nxd4 Qd7 40. axb5 axb5 41. b4 Qe7 42. h3 Qd7 43. Qf6 Qe7 44. Nxb5 Ba6 45. Nd6 Qxf6 46. Rxf6 Rb8 47. Rf7 Ne6 48. Re7 1-0

[Event "Rotterdam k.o."]
[Site "Rotterdam"]
[Date "1990.??.??"]
[Round "1"]
[White "Van der Sterren, Paul"]
[Black "Piket, Marcel"]
[Result "1/2-1/2"]
[WhiteElo "2515"]
[BlackElo "2350"]
[PlyCount "66"]
[EventDate "1990.??.??"]
[EventType "k.o."]
[EventRounds "5"]
[EventCountry "NED"]
[SourceTitle "EXT 1997"]
[Source "ChessBase"]
[SourceDate "1996.11.15"]
[SourceVersion "1"]
[SourceVersionDate "1996.11.15"]
[SourceQuality "1"]

1. d4 d6 2. Nf3 g6 3. c4 Bg7 4. e4 e5 5. Nc3 Bg4 6. d5 a5 7. Be2 Na6 8. Be3 Bd7 9. 0-0 Ne7 10. Nd2 0-0 11. a3 f5 12. f3 f4 13. Bf2 h5 14. Rb1 Nc5 15. b4 axb4 16. axb4 Na4 17. Qc2 Nxc3 18. Qxc3 g5 19. c5 Ng6 20. b5 g4 21. b6 g3 22. hxg3 fxg3 23. Bxg3 Qg5 24. Bh2 Nf4 25. Bxf4 exf4 26. Qc4 dxc5 27. e5 Ra4 28. Ne4 Qxe5 29. Qxc5 cxb6 30. Qxb6 Qxd5 31. Qxb7 Bc6 32. Qb3 Qxb3 33. Rxb3 Bxe4 1/2-1/2